MARC details
| 000 -LEADER |
| fixed length control field |
02343cam a22004338i 4500 |
| 001 - CONTROL NUMBER |
| control field |
21257189 |
| 003 - CONTROL NUMBER IDENTIFIER |
| control field |
ARRUPE |
| 005 - DATE AND TIME OF LATEST TRANSACTION |
| control field |
20201020122515.0 |
| 008 - FIXED-LENGTH DATA ELEMENTS--GENERAL INFORMATION |
| fixed length control field |
191021s2019 nyu 001 0beng |
| 010 ## - LIBRARY OF CONGRESS CONTROL NUMBER |
| LC control number |
2019038379 |
| 020 ## - INTERNATIONAL STANDARD BOOK NUMBER |
| International Standard Book Number |
9781108472890 |
| Qualifying information |
(hardback) |
| 020 ## - INTERNATIONAL STANDARD BOOK NUMBER |
| Cancelled/invalid ISBN |
9781108561600 |
| Qualifying information |
(epub) |
| 040 ## - CATALOGING SOURCE |
| Original cataloging agency |
DLC |
| Language of cataloging |
eng |
| Description conventions |
rda |
| Transcribing agency |
DLC |
| 042 ## - AUTHENTICATION CODE |
| Authentication code |
pcc |
| 043 ## - GEOGRAPHIC AREA CODE |
| Geographic area code |
f-rh--- |
| 050 00 - LIBRARY OF CONGRESS CALL NUMBER |
| Classification number |
DT2984.M85 |
| Item number |
T46 2019 |
| 082 00 - DEWEY DECIMAL CLASSIFICATION NUMBER |
| Classification number |
B |
| Edition number |
23 |
| 100 1# - MAIN ENTRY--PERSONAL NAME |
| Personal name |
Tendi, Miles, |
| Dates associated with a name |
1979- |
| Relator term |
author. |
| 9 (RLIN) |
49929 |
| 245 14 - TITLE STATEMENT |
| Title |
The army and politics in Zimbabwe : |
| Remainder of title |
Solomon Mujuru, the liberation fighter and kingmaker / |
| Statement of responsibility, etc |
Dr Miles Tendi. |
| 246 30 - VARYING FORM OF TITLE |
| Title proper/short title |
Solomon Mujuru, the liberation fighter and kingmaker |
| 263 ## - PROJECTED PUBLICATION DATE |
| Projected publication date |
1912 |
| 300 ## - PHYSICAL DESCRIPTION |
| Extent |
pages cm |
| 500 ## - GENERAL NOTE |
| General note |
Includes index. |
| 520 ## - SUMMARY, ETC. |
| Summary, etc |
"Exploiting previously unexplored oral and archival sources, this biography centres on the life of General Solomon Tapfumaneyi Mujuru. Solomon is one of the most illustrious figures in modern Zimbabwean military and political history and in the transnational politics of Southern Africa's 1970s liberation struggles. He is, arguably, the greatest of all guerrilla field commanders from Zimbabwe's independence war against Rhodesian white-settler colonial rule. In the late 1970s, under the nom de guerre Rex Nhongo, Solomon reached the acme of his public acclaim, among black Africans, as a principal liberation fighter"-- |
| 600 10 - SUBJECT ADDED ENTRY--PERSONAL NAME |
| Personal name |
Mujuru, Solomon, |
| Dates associated with a name |
1945-2011. |
| 9 (RLIN) |
49930 |
| 610 20 - SUBJECT ADDED ENTRY--CORPORATE NAME |
| Corporate name or jurisdiction name as entry element |
Zimbabwe African National Liberation Army |
| Form subdivision |
Biography. |
| 9 (RLIN) |
49931 |
| 610 10 - SUBJECT ADDED ENTRY--CORPORATE NAME |
| Corporate name or jurisdiction name as entry element |
Zimbabwe. |
| Subordinate unit |
National Army |
| General subdivision |
Officers |
| Form subdivision |
Biography. |
| 9 (RLIN) |
49932 |
| 610 20 - SUBJECT ADDED ENTRY--CORPORATE NAME |
| Corporate name or jurisdiction name as entry element |
ZANU-PF (Organization : Zimbabwe) |
| Form subdivision |
Biography. |
| 9 (RLIN) |
49933 |
| 650 #0 - SUBJECT ADDED ENTRY--TOPICAL TERM |
| Topical term or geographic name as entry element |
Generals |
| Geographic subdivision |
Zimbabwe |
| Form subdivision |
Biography. |
| 9 (RLIN) |
49934 |
| 650 #0 - SUBJECT ADDED ENTRY--TOPICAL TERM |
| Topical term or geographic name as entry element |
National liberation movements |
| Geographic subdivision |
Zimbabwe |
| Form subdivision |
Biography. |
| 9 (RLIN) |
49935 |
| 651 #0 - SUBJECT ADDED ENTRY--GEOGRAPHIC NAME |
| Geographic name |
Zimbabwe |
| General subdivision |
History |
| Chronological subdivision |
Chimurenga War, 1966-1980. |
| 9 (RLIN) |
25956 |
| 651 #0 - SUBJECT ADDED ENTRY--GEOGRAPHIC NAME |
| Geographic name |
Zimbabwe |
| General subdivision |
Politics and government. |
| 9 (RLIN) |
49936 |
| 651 #0 - SUBJECT ADDED ENTRY--GEOGRAPHIC NAME |
| Geographic name |
Zimbabwe |
| General subdivision |
History, Military. |
| 9 (RLIN) |
49937 |
| 651 #0 - SUBJECT ADDED ENTRY--GEOGRAPHIC NAME |
| Geographic name |
Zimbabwe |
| Form subdivision |
Biography. |
| 9 (RLIN) |
32007 |
| 776 08 - ADDITIONAL PHYSICAL FORM ENTRY |
| Display text |
Online version: |
| Main entry heading |
Tendi, Miles, 1979- |
| Title |
The army and politics in Zimbabwe |
| Place, publisher, and date of publication |
Cambridge ; New York : Cambridge University Press, 2019. |
| International Standard Book Number |
9781108561600 |
| Record control number |
(DLC) 2019038380 |
| 906 ## - LOCAL DATA ELEMENT F, LDF (RLIN) |
| a |
7 |
| b |
cbc |
| c |
orignew |
| d |
1 |
| e |
ecip |
| f |
20 |
| g |
y-gencatlg |
| 942 ## - ADDED ENTRY ELEMENTS (KOHA) |
| Source of classification or shelving scheme |
Library of Congress Classification |
| Koha item type |
Monograph ( Printed materials) |